[Event "Weekend"]
[Site "Siracusa ITA"]
[Date "1998.01.19"]
[Round "4"]
[White "Fabiano, Giuseppe"]
[Black "Alaimo, Riccardo"]
[Result "1-0"]
[WhiteElo "2230"]
[BlackElo "2080"]
[PlyCount "85"]
[EventDate "1998.01.17"]

1. d4 Nf6 2. Nf3 e6 3. Bg5 h6 4. Bxf6 Qxf6 5. e4 d6 6. Nc3 g5 7. Bd3 Bg7 8. e5
Qe7 9. Qe2 a6 10. O-O-O d5 11. Kb1 Nd7 12. g4 c5 13. dxc5 Nxc5 14. h4 b5 15.
Qe3 Bb7 16. Nd4 b4 17. Nce2 Qc7 18. hxg5 hxg5 19. Rxh8+ Bxh8 20. Qxg5 Qxe5 21.
Qg8+ Ke7 22. Qh7 Bf6 23. f4 Qe3 24. Bg6 Rf8 25. Bh5 Ne4 26. Nxe6 Kxe6 27. g5
Nd2+ 28. Rxd2 Qxd2 29. Qh6 Qd1+ 30. Nc1 Qd4 31. gxf6 Rb8 32. Bxf7+ Kxf7 33.
Qg7+ Ke6 34. Qe7+ Kf5 35. f7 Qh8 36. Nd3 Qd8 37. Qe5+ Kg6 38. Qe6+ Kg7 39. Ne5
Qf6 40. Qg4+ Kh6 41. Nd7 Qxf7 42. Qg5+ Kh7 43. Nf6+ 1-0

[Event "XV Corsicoscacchi B"]
[Site "Corsico ITA"]
[Date "1998.04.??"]
[Round "2"]
[White "Saccani, Ettore"]
[Black "Pomaro, Stefano"]
[Result "1-0"]
[WhiteElo "1507"]
[BlackElo "1667"]
[PlyCount "103"]
[EventDate "1998.04.30"]

1. e4 c6 2. d4 d5 3. Nc3 dxe4 4. Nxe4 Nf6 5. Ng3 h5 6. Bd3 Qxd4 7. Nf3 Qd6 8.
O-O Bg4 9. h3 h4 10. Ne4 Nxe4 11. Bxe4 Qxd1 12. Rxd1 Bxf3 13. Bxf3 Nd7 14. Be3
e6 15. Rd3 Ne5 16. Rd2 Nxf3+ 17. gxf3 Rh5 18. c4 Be7 19. Rad1 Rd8 20. Bxa7 Ra5
21. Rxd8+ Bxd8 22. Rxd8+ Ke7 23. Bb6 Ra6 24. Bc7 Rxa2 25. Rd2 b5 26. cxb5 cxb5
27. Be5 f6 28. Bc3 Ra4 29. Rd4 Rxd4 30. Bxd4 e5 31. Bc3 Kd6 32. Kf1 Kc5 33. Ke2
b4 34. Be1 Kc4 35. Kd1 b3 36. Ke2 g5 37. Ke3 f5 38. Bc3 Kd5 39. Kd3 g4 40. Ke2
gxh3 41. Kf1 e4 42. Kg1 f4 43. Kh2 e3 44. fxe3 fxe3 45. Kxh3 e2 46. Kxh4 Kc4
47. f4 Kd3 48. f5 Kc2 49. f6 e1=Q+ 50. Bxe1 Kxb2 51. Bg3 Kc2 52. Be5 1-0

[Event "XV Corsicoscacchi B"]
[Site "Corsico ITA"]
[Date "1998.04.??"]
[Round "3"]
[White "Rottondi, Paolo"]
[Black "Saccani, Ettore"]
[Result "1-0"]
[WhiteElo "1498"]
[BlackElo "1507"]
[PlyCount "49"]
[EventDate "1998.04.30"]

1. e4 e6 2. d4 d5 3. Nd2 Nf6 4. e5 Nfd7 5. Bd3 c5 6. c3 Nc6 7. Ne2 Qb6 8. Nf3
Be7 9. O-O c4 10. Bc2 f6 11. Nf4 Na5 12. Re1 fxe5 13. Nxe5 Nxe5 14. Rxe5 Bd7
15. Qh5+ Kd8 16. Qg4 Bf6 17. Nxe6+ Bxe6 18. Rxe6 Re8 19. Rxe8+ Kxe8 20. Qf5 Rd8
21. Qxh7 Qd6 22. Bd2 Nc6 23. Re1+ Kd7 24. Qf5+ Kc7 25. Bf4 1-0

[Event "XV Corsicoscacchi B"]
[Site "Corsico ITA"]
[Date "1998.04.??"]
[Round "5"]
[White "Saccani, Ettore"]
[Black "Albertazzi, Lorenzo"]
[Result "0-1"]
[WhiteElo "1507"]
[BlackElo "1600"]
[PlyCount "80"]
[EventDate "1998.04.30"]

1. e4 c5 2. c3 d5 3. exd5 Qxd5 4. d4 Nc6 5. Nf3 Bg4 6. Be2 e6 7. Na3 Nf6 8. Bf4
cxd4 9. Nb5 O-O-O 10. Nfxd4 Qxg2 11. Rf1 Bxe2 12. Qxe2 Bc5 13. Nxc6 Qxc6 14.
Qe5 Rd5 15. Qc7+ Qxc7 16. Nxc7 Rd7 17. b4 Bb6 18. Nb5 Nh5 19. Nd6+ Kd8 20. Rd1
Ke7 21. Bg3 Nxg3 22. fxg3 Rxd6 23. Rxd6 Kxd6 24. Rxf7 Rc8 25. Kd2 Rc7 26. Rf8
Ke5 27. Kd3 Rd7+ 28. Ke2 Kd5 29. Rc8 Rd8 30. c4+ Kd4 31. Rxd8+ Bxd8 32. c5 Kc3
33. a3 Kb3 34. Kd3 Kxa3 35. Kc4 Ka4 36. b5 e5 37. c6 bxc6 38. bxc6 Bc7 39. g4
e4 40. Kd4 Kb3 0-1

[Event "XI Festival A"]
[Site "Robecchetto con Induno ITA"]
[Date "1998.01.02"]
[Round "1"]
[White "Barlocco, Carlo"]
[Black "Lapiccirella, Mattia"]
[Result "1-0"]
[WhiteElo "2180"]
[BlackElo "2095"]
[PlyCount "67"]
[EventDate "1998.01.02"]

1. d4 Nf6 2. Nf3 g6 3. c4 Bg7 4. Nc3 O-O 5. e4 d6 6. Be2 e5 7. d5 Nbd7 8. Bg5
h6 9. Bh4 g5 10. Bg3 Nh5 11. O-O Nf4 12. Ne1 f5 13. exf5 Nxe2+ 14. Qxe2 Nf6 15.
Nc2 Bxf5 16. Ne3 Bg6 17. c5 Nh5 18. Rfd1 Nf4 19. Qc4 Qe7 20. f3 Rf7 21. cxd6
cxd6 22. Ne4 h5 23. h3 Bh6 24. Bf2 Nxh3+ 25. gxh3 Rxf3 26. Nd2 Rxh3 27. Kg2 g4
28. Nxg4 hxg4 29. Qxg4 Qg7 30. Qxh3 Bc2+ 31. Qg3 Qxg3+ 32. Kxg3 Bxd1 33. Rxd1
Bf4+ 34. Kg4 1-0

[Event "XI Festival A"]
[Site "Robecchetto con Induno ITA"]
[Date "1998.01.02"]
[Round "1"]
[White "Griffa, Roberto"]
[Black "Aglietti, Graziano"]
[Result "1-0"]
[WhiteElo "2075"]
[BlackElo "2060"]
[PlyCount "83"]
[EventDate "1998.01.02"]

1. Nf3 Nf6 2. d4 g6 3. Bg5 Bg7 4. Nbd2 c5 5. Bxf6 Bxf6 6. Ne4 Qb6 7. Nxf6+ Qxf6
8. e4 Nc6 9. c3 d6 10. Bb5 Bd7 11. O-O a6 12. e5 dxe5 13. Bxc6 Bxc6 14. Nxe5
Rd8 15. Qe2 cxd4 16. Rfd1 O-O 17. cxd4 Rd5 18. Rac1 Rfd8 19. Nxc6 bxc6 20. Qxa6
Rxd4 21. Rxd4 Qxd4 22. Qe2 c5 23. g3 Rb8 24. b3 e6 25. Qc4 Qb2 26. Rc2 Qb1+ 27.
Kg2 Rd8 28. Qxc5 Rd1 29. Qc8+ Kg7 30. Qc3+ Kg8 31. Kf3 e5 32. Qb2 Rd3+ 33. Kg2
Qd1 34. Rc8+ Kg7 35. Qxe5+ Kh6 36. Rc4 Qf3+ 37. Kh3 g5 38. Qe4 Qd1 39. Rc6+ Kg7
40. Qe5+ Kf8 41. Rc8+ Rd8 42. Qh8+ 1-0

[Event "XI Festival A"]
[Site "Robecchetto con Induno ITA"]
[Date "1998.01.02"]
[Round "1"]
[White "Sabatini, Carlo"]
[Black "Dorighet, Claudio"]
[Result "0-1"]
[WhiteElo "1884"]
[BlackElo "2110"]
[PlyCount "68"]
[EventDate "1998.01.02"]

1. d4 f5 2. Nf3 Nf6 3. g3 e6 4. Bg2 c6 5. c4 d5 6. O-O Bd6 7. b3 b6 8. Ba3 O-O
9. Bxd6 Qxd6 10. Nc3 Nbd7 11. Rc1 Bb7 12. Qc2 Rae8 13. cxd5 exd5 14. e3 Ne4 15.
Rfe1 Qh6 16. b4 b5 17. a4 a6 18. Ra1 Nb6 19. axb5 cxb5 20. Qb3 Nc4 21. Ne2 g5
22. Nc1 f4 23. exf4 gxf4 24. Nd3 fxg3 25. hxg3 Kh8 26. Nc5 Bc8 27. Nxe4 dxe4
28. Ne5 Qd2 29. Qa2 Rxf2 30. Qxd2 Rxd2 31. Rxe4 Rxg2+ 32. Kxg2 Bb7 33. Rae1 Nd6
34. Kf3 Rf8+ 0-1

[Event "XI Festival A"]
[Site "Robecchetto con Induno ITA"]
[Date "1998.01.02"]
[Round "1"]
[White "Sgnaolin, Davide"]
[Black "Piantoni, Roberto"]
[Result "1-0"]
[WhiteElo "2100"]
[BlackElo "2180"]
[PlyCount "83"]
[EventDate "1998.01.02"]

1. e4 e6 2. d4 d5 3. Nc3 Bb4 4. Nge2 dxe4 5. a3 Be7 6. Nxe4 Bd7 7. N2c3 Bc6 8.
Bf4 Nf6 9. Qd3 Nbd7 10. O-O-O O-O 11. h4 Nxe4 12. Nxe4 Nf6 13. Ng5 g6 14. Kb1
Nd5 15. Bc1 Bd6 16. h5 Nf4 17. Bxf4 Bxf4 18. Ne4 Qe7 19. Rh3 Rad8 20. g3 e5 21.
gxf4 Rxd4 22. Qe2 Rxe4 23. Re3 Rxf4 24. Rxe5 Qf6 25. Qe3 Rf3 26. Qc5 Rxf2 27.
Bd3 Rh2 28. hxg6 hxg6 29. Ree1 a6 30. Rf1 Qd6 31. Qg5 Rh5 32. Qg4 Qe6 33. Qg3
Bb5 34. Rfe1 Qb6 35. Be4 c5 36. Rh1 Be2 37. Rd6 Rxh1+ 38. Bxh1 Qb5 39. Rxg6+
fxg6 40. Qxg6+ Kh8 41. Qh6+ Kg8 42. Bd5+ 1-0

[Event "XI Festival A"]
[Site "Robecchetto con Induno ITA"]
[Date "1998.01.02"]
[Round "2"]
[White "Lapiccirella, Mattia"]
[Black "Sabatini, Carlo"]
[Result "1/2-1/2"]
[WhiteElo "2095"]
[BlackElo "1884"]
[PlyCount "136"]
[EventDate "1998.01.02"]

1. d4 Nf6 2. c4 g6 3. Nc3 Bg7 4. e4 d6 5. Be2 O-O 6. Nf3 e5 7. d5 Na6 8. O-O
Nc5 9. Qc2 a5 10. Bg5 h6 11. Be3 Nh5 12. Ne1 Nf4 13. Nd3 Nfxd3 14. Bxd3 Qg5 15.
g3 Qh5 16. f3 Nxd3 17. Qxd3 f5 18. Qe2 fxe4 19. Nxe4 g5 20. g4 Qg6 21. h3 b6
22. b3 Bf6 23. a3 Be7 24. Ra2 Kg7 25. Ng3 Bd7 26. Rfa1 Rf7 27. b4 Raf8 28. Rf1
Ra8 29. Raa1 Kh7 30. Kg2 Raf8 31. Bd2 Ra8 32. Qe4 Ba4 33. Qxg6+ Kxg6 34. bxa5
bxa5 35. Rab1 Bc2 36. Rb2 Bd3 37. Rc1 Raf8 38. Bxa5 Rxf3 39. Bxc7 Re3 40. Rf2
Rf4 41. c5 Bc4 42. Rd1 Rxa3 43. cxd6 Bf6 44. Nh5 Rxf2+ 45. Kxf2 Ra8 46. Nxf6
Kxf6 47. d7 Ke7 48. d8=Q+ Rxd8 49. Bxd8+ Kxd8 50. Ke3 Kd7 51. d6 Bb5 52. Rd5
Bf1 53. Rxe5 Kxd6 54. Re4 Bxh3 55. Kf3 Bf1 56. Re8 Bc4 57. Rh8 Ke6 58. Rxh6+
Kf7 59. Ke3 Be6 60. Rxe6 Kxe6 61. Ke4 Kf6 62. Kd5 Kf7 63. Ke5 Ke7 64. Kf5 Kf7
65. Kxg5 Kg7 66. Kf5 Kf7 67. g5 Kg7 68. g6 Kg8 1/2-1/2

[Event "XI Festival A"]
[Site "Robecchetto con Induno ITA"]
[Date "1998.01.02"]
[Round "2"]
[White "Piantoni, Roberto"]
[Black "Aglietti, Graziano"]
[Result "0-1"]
[WhiteElo "2180"]
[BlackElo "2060"]
[PlyCount "44"]
[EventDate "1998.01.02"]

1. d4 Nf6 2. Nf3 g6 3. e3 Bg7 4. Be2 O-O 5. O-O d5 6. b4 a5 7. b5 c6 8. a4 Nbd7
9. Ba3 Re8 10. c4 e5 11. Ra2 exd4 12. exd4 Ne4 13. Qb3 c5 14. cxd5 cxd4 15. Qd1
Nb6 16. d6 Be6 17. Rc2 Bb3 18. Bd3 Nxd6 19. Qc1 Bxc2 20. Qxc2 Rc8 21. Qa2 Ne4
22. Rd1 Qd5 0-1

[Event "XI Festival A"]
[Site "Robecchetto con Induno ITA"]
[Date "1998.01.02"]
[Round "2"]
[White "Sgnaolin, Davide"]
[Black "Barlocco, Carlo"]
[Result "1/2-1/2"]
[WhiteElo "2100"]
[BlackElo "2180"]
[PlyCount "112"]
[EventDate "1998.01.02"]

1. e4 Nf6 2. Nc3 e5 3. g3 Bb4 4. Bg2 O-O 5. Nge2 c6 6. d4 d6 7. O-O Nbd7 8. h3
Qe7 9. d5 cxd5 10. Nxd5 Nxd5 11. Qxd5 Nb6 12. Qd1 Bc5 13. a4 a5 14. b3 Be6 15.
c4 Nd7 16. Nc3 Nb8 17. Nd5 Bxd5 18. cxd5 Bd4 19. Ra2 Na6 20. Ba3 Rac8 21. Rc2
Qd7 22. Rd2 Bc5 23. Bb2 Bb4 24. Re2 b5 25. axb5 Qxb5 26. Kh2 Bc3 27. Ba3 Nc5
28. f4 f6 29. Rf3 Bd4 30. Bf1 Rb8 31. Ra2 Qb6 32. Bxc5 Bxc5 33. f5 Bb4 34. Bc4
Rbc8 35. Qd3 Qc5 36. Rf1 Rfe8 37. Rd1 Re7 38. Rc1 Qd4 39. Rd1 Qxd3 40. Rxd3 Ra7
41. Ra4 Kf7 42. Kg2 Rac7 43. Rd1 g6 44. Rf1 g5 45. Rc1 h5 46. Kf2 g4 47. hxg4
hxg4 48. Rh1 Rg8 49. Rh7+ Rg7 50. Rh8 Rg8 51. Rh7+ Rg7 52. Rh6 Rc8 53. Ra2 Rgg8
54. Rh7+ Rg7 55. Rh6 Rgg8 56. Rh7+ Rg7 1/2-1/2

[Event "XI Festival A"]
[Site "Robecchetto con Induno ITA"]
[Date "1998.01.03"]
[Round "3"]
[White "Aglietti, Graziano"]
[Black "Dorighet, Claudio"]
[Result "1/2-1/2"]
[WhiteElo "2060"]
[BlackElo "2110"]
[PlyCount "64"]
[EventDate "1998.01.02"]

1. e4 c5 2. c3 e6 3. d4 d5 4. e5 Nc6 5. Nf3 Qb6 6. Bd3 cxd4 7. cxd4 Bd7 8. O-O
Nxd4 9. Nxd4 Qxd4 10. Nc3 Qb6 11. Kh1 Bb4 12. Qg4 g6 13. a3 Bxc3 14. bxc3 Bb5
15. Rb1 Bxd3 16. Rxb6 axb6 17. Rd1 Bc4 18. Qd4 Ra6 19. Bg5 Ne7 20. Bf6 Rf8 21.
Qh4 Nc6 22. Qxh7 Rxa3 23. Bg7 Rxc3 24. Bh6 Ne7 25. Bxf8 Kxf8 26. Qh8+ Ng8 27.
h3 Ra3 28. Qh4 Ne7 29. Qh8+ Ng8 30. Qh4 Ne7 31. Qh8+ Ng8 32. Qh4 Ne7 1/2-1/2

[Event "XI Festival A"]
[Site "Robecchetto con Induno ITA"]
[Date "1998.01.03"]
[Round "3"]
[White "Barlocco, Carlo"]
[Black "Piantoni, Roberto"]
[Result "0-1"]
[WhiteElo "2180"]
[BlackElo "2180"]
[PlyCount "72"]
[EventDate "1998.01.02"]

1. d4 Nf6 2. Nf3 c5 3. g3 cxd4 4. Nxd4 d5 5. Bg2 e5 6. Nb3 Nc6 7. O-O h6 8. c4
Be6 9. cxd5 Nxd5 10. e4 Ndb4 11. Nc3 Bc4 12. Re1 Qxd1 13. Rxd1 Nxa2 14. Nxa2
Bxb3 15. Rd2 Nd4 16. Nc3 Bb4 17. f4 f6 18. fxe5 fxe5 19. Rf2 Nc2 20. Rxc2 Bxc2
21. Nd5 Bc5+ 22. Be3 Bxe3+ 23. Nxe3 Bb3 24. Ng4 O-O 25. Nxe5 Rad8 26. Ng6 Rf7
27. Bh3 Rf6 28. Bf5 Bf7 29. Nf4 g5 30. Ng2 Rd2 31. h4 Rb6 32. hxg5 hxg5 33. e5
Rbxb2 34. Be4 Re2 35. Bf3 Rxe5 36. Rxa7 Bd5 0-1

[Event "XI Festival A"]
[Site "Robecchetto con Induno ITA"]
[Date "1998.01.03"]
[Round "3"]
[White "Sabatini, Carlo"]
[Black "Sgnaolin, Davide"]
[Result "0-1"]
[WhiteElo "1884"]
[BlackElo "2100"]
[PlyCount "44"]
[EventDate "1998.01.02"]

1. d4 d5 2. c4 e6 3. Nc3 c5 4. Nf3 Nc6 5. e3 Nf6 6. cxd5 exd5 7. Be2 a6 8. a3
cxd4 9. Nxd4 Bd6 10. b4 O-O 11. Bb2 Re8 12. Rc1 Nxd4 13. Qxd4 Be5 14. Qd2 d4
15. exd4 Qxd4 16. Qxd4 Bxd4 17. Rd1 Be5 18. f3 Bf5 19. Kf2 Rac8 20. Bd3 Bd7 21.
Rc1 Bd4+ 22. Kf1 Re3 0-1

[Event "XI Festival A"]
[Site "Robecchetto con Induno ITA"]
[Date "1998.01.03"]
[Round "4"]
[White "Barlocco, Carlo"]
[Black "Sabatini, Carlo"]
[Result "0-1"]
[WhiteElo "2180"]
[BlackElo "1884"]
[PlyCount "128"]
[EventDate "1998.01.02"]

1. d4 Nf6 2. Nf3 g6 3. Bg5 Bg7 4. e3 O-O 5. c4 c5 6. Nc3 b6 7. Be2 Bb7 8. O-O
d6 9. a4 Na6 10. a5 Nb4 11. d5 h6 12. Bh4 Nd7 13. axb6 Nxb6 14. e4 Bc8 15. Ne1
g5 16. Bg3 f5 17. f3 Bd7 18. Nc2 a5 19. Qd2 Qe8 20. Na3 Qg6 21. Bd3 f4 22. Bf2
Be5 23. Be2 Rf7 24. Nab5 h5 25. Nc7 Rc8 26. Ne6 g4 27. Kh1 Bxe6 28. dxe6 Rg7
29. Bg1 Rf8 30. Nd5 N6xd5 31. cxd5 Qf6 32. Rfb1 Ra8 33. Ra4 Kh7 34. Rba1 Bxb2
35. Rxa5 Rxa5 36. Rxa5 Bc3 37. Qd1 g3 38. Ra8 gxh2 39. Bf2 Rg8 40. Rxg8 Kxg8
41. Qa4 Qf8 42. Qd7 Nc2 43. Bh4 Bf6 44. Bxf6 Qxf6 45. Qe8+ Kg7 46. Qxh5 Ne3 47.
e5 dxe5 48. Bd3 c4 49. Qh7+ Kf8 50. Be4 Qg7 51. Qh3 c3 52. Kxh2 Qg3+ 53. Qxg3
fxg3+ 54. Kxg3 c2 55. Bxc2 Nxc2 56. f4 Ne3 57. Kf3 exf4 58. d6 exd6 59. g3 Ke7
60. Kxf4 Nd5+ 61. Kf5 Nc7 62. g4 Nxe6 63. g5 d5 64. g6 d4 0-1

[Event "XI Festival A"]
[Site "Robecchetto con Induno ITA"]
[Date "1998.01.03"]
[Round "4"]
[White "Lapiccirella, Mattia"]
[Black "Aglietti, Graziano"]
[Result "1/2-1/2"]
[WhiteElo "2095"]
[BlackElo "2060"]
[PlyCount "60"]
[EventDate "1998.01.02"]

1. d4 Nf6 2. c4 g6 3. Nc3 d5 4. Nf3 Bg7 5. cxd5 Nxd5 6. e4 Nxc3 7. bxc3 O-O 8.
Be3 c5 9. Rc1 Qa5 10. Qd2 Nc6 11. Be2 Rd8 12. Rc2 Bg4 13. O-O cxd4 14. cxd4
Qxd2 15. Rxd2 Bxf3 16. Bxf3 Bxd4 17. Bxd4 Nxd4 18. Rfd1 Nxf3+ 19. gxf3 Rxd2 20.
Rxd2 Kf8 21. Rb2 Rb8 22. Kf1 b5 23. Rc2 Rb7 24. Rc8+ Kg7 25. Rc6 a5 26. Ra6 a4
27. Ke2 Rc7 28. Kd3 e5 29. Kd2 Rc4 30. Ra5 Rb4 1/2-1/2

[Event "XI Festival A"]
[Site "Robecchetto con Induno ITA"]
[Date "1998.01.03"]
[Round "4"]
[White "Piantoni, Roberto"]
[Black "Dorighet, Claudio"]
[Result "1-0"]
[WhiteElo "2180"]
[BlackElo "2110"]
[PlyCount "49"]
[EventDate "1998.01.02"]

1. d4 f5 2. h3 d6 3. g4 Nf6 4. Nc3 Nc6 5. Bg2 fxg4 6. Bg5 g6 7. Qd2 Bg7 8.
O-O-O gxh3 9. Nxh3 O-O 10. Nf4 Bf5 11. Bh3 Qd7 12. d5 Nd8 13. Bxf6 Bxf6 14. Ne6
Bxc3 15. Qh6 Nxe6 16. Bxf5 Rxf5 17. Qxh7+ Kf8 18. bxc3 Ng7 19. Qxg6 Rh5 20.
Rxh5 Nxh5 21. Qh6+ Kf7 22. Qxh5+ Kf6 23. Rd3 Qe8 24. Rf3+ Kg7 25. Rg3+ 1-0

[Event "XI Festival A"]
[Site "Robecchetto con Induno ITA"]
[Date "1998.01.03"]
[Round "4"]
[White "Sgnaolin, Davide"]
[Black "Griffa, Roberto"]
[Result "1/2-1/2"]
[WhiteElo "2100"]
[BlackElo "2075"]
[PlyCount "75"]
[EventDate "1998.01.02"]

1. e4 e6 2. d4 d5 3. Nc3 dxe4 4. Nxe4 Nd7 5. Nf3 Ngf6 6. Bg5 Be7 7. Nxf6+ Bxf6
8. Qd2 Bxg5 9. Qxg5 Qxg5 10. Nxg5 b6 11. Bd3 Bb7 12. Be4 Bxe4 13. Nxe4 Ke7 14.
O-O-O Rhd8 15. d5 exd5 16. Rxd5 Nf8 17. Nc3 Ne6 18. Re1 Rxd5 19. Nxd5+ Kf8 20.
Nb4 Re8 21. Nc6 a5 22. Kd2 Nd8 23. Rxe8+ Kxe8 24. Nxd8 Kxd8 25. Kd3 Kd7 26. Kc4
c6 27. a4 Kd6 28. c3 c5 29. Kb5 Kc7 30. h3 f5 31. g3 g6 32. h4 h6 33. f3 h5 34.
b4 cxb4 35. cxb4 axb4 36. Kxb4 Kc6 37. Kc4 Kd6 38. Kb5 1/2-1/2

[Event "XI Festival A"]
[Site "Robecchetto con Induno ITA"]
[Date "1998.01.04"]
[Round "5"]
[White "Aglietti, Graziano"]
[Black "Sgnaolin, Davide"]
[Result "1/2-1/2"]
[WhiteElo "2060"]
[BlackElo "2100"]
[PlyCount "63"]
[EventDate "1998.01.02"]

1. e4 c5 2. c3 Nf6 3. e5 Nd5 4. d4 cxd4 5. Nf3 e6 6. cxd4 b6 7. Nc3 Nxc3 8.
bxc3 Qc7 9. Bd2 Be7 10. Bd3 Ba6 11. Bxa6 Nxa6 12. Qe2 Nb8 13. O-O O-O 14. c4 d6
15. Bg5 Bxg5 16. Nxg5 Nc6 17. Qe4 g6 18. Qh4 h5 19. d5 Nxe5 20. dxe6 f6 21. Ne4
Kg7 22. f4 Ng4 23. f5 Qxc4 24. Nxd6 Qd4+ 25. Kh1 Qxd6 26. Rad1 Qe5 27. Rde1 Qd6
28. Rd1 Qc5 29. Rd7+ Kh6 30. fxg6 Kxg6 31. h3 Ne3 32. Rf3 1/2-1/2

[Event "XI Festival A"]
[Site "Robecchetto con Induno ITA"]
[Date "1998.01.04"]
[Round "5"]
[White "Dorighet, Claudio"]
[Black "Lapiccirella, Mattia"]
[Result "0-1"]
[WhiteElo "2110"]
[BlackElo "2095"]
[PlyCount "84"]
[EventDate "1998.01.02"]

1. e4 c5 2. Ne2 Nc6 3. c4 Nf6 4. Nbc3 d6 5. h3 e6 6. d4 cxd4 7. Nxd4 Be7 8. Be2
a6 9. O-O Qc7 10. b3 O-O 11. Be3 Rd8 12. Rc1 Nxd4 13. Qxd4 Bd7 14. Rfd1 Rac8
15. Bf3 Qb8 16. a4 Bc6 17. a5 Nd7 18. b4 Bf6 19. Qd2 Bxc3 20. Rxc3 Ne5 21. Bb6
Nxf3+ 22. Rxf3 Bxe4 23. Re3 Rxc4 24. Bxd8 Qxd8 25. Qxd6 Qxd6 26. Rxd6 Kf8 27.
Rxe4 Rxe4 28. Rb6 Re1+ 29. Kh2 Rb1 30. Rxb7 g5 31. Kg3 h5 32. f3 Kg7 33. h4
gxh4+ 34. Kxh4 Kg6 35. g4 hxg4 36. Kxg4 e5 37. Rb6+ f6 38. f4 Rg1+ 39. Kh3 exf4
40. Rxa6 f3 41. Kh2 f2 42. Ra8 Kf5 0-1

[Event "XI Festival A"]
[Site "Robecchetto con Induno ITA"]
[Date "1998.01.04"]
[Round "5"]
[White "Sabatini, Carlo"]
[Black "Piantoni, Roberto"]
[Result "0-1"]
[WhiteElo "1884"]
[BlackElo "2180"]
[PlyCount "54"]
[EventDate "1998.01.02"]

1. d4 Nf6 2. c4 c5 3. Nf3 cxd4 4. Nxd4 e5 5. Nb5 d5 6. cxd5 Bc5 7. e3 O-O 8.
Be2 Bf5 9. O-O Nbd7 10. Nd2 Rc8 11. Nc3 e4 12. Nb3 Bb6 13. Nd4 Bg6 14. f3 exf3
15. gxf3 Nxd5 16. Nxd5 Qg5+ 17. Kh1 Qxd5 18. Nb5 Qe6 19. Qd6 Rfe8 20. Rd1 Nf6
21. Qxe6 Rxe6 22. Nd4 Re7 23. e4 Nxe4 24. fxe4 Rxe4 25. Bf3 Rxd4 26. Rxd4 Bxd4
27. Bf4 Bxb2 0-1

[Event "XI Festival A"]
[Site "Robecchetto con Induno ITA"]
[Date "1998.01.04"]
[Round "6"]
[White "Barlocco, Carlo"]
[Black "Aglietti, Graziano"]
[Result "1-0"]
[WhiteElo "2180"]
[BlackElo "2060"]
[PlyCount "112"]
[EventDate "1998.01.02"]

1. d4 Nf6 2. c4 g6 3. Nc3 d5 4. Nf3 Bg7 5. Qb3 dxc4 6. Qxc4 O-O 7. e4 Nfd7 8.
Bf4 c6 9. Qb3 Qa5 10. Bg5 e5 11. Be7 exd4 12. Bb4 Nc5 13. Qc4 Be6 14. Qxc5 Qxc5
15. Bxc5 dxc3 16. Bxf8 Kxf8 17. b3 f5 18. Bd3 fxe4 19. Bxe4 Nd7 20. O-O Nf6 21.
Ng5 Bg8 22. Rfe1 h6 23. Nf3 Nxe4 24. Rxe4 Bd5 25. Re3 Rd8 26. Ne5 g5 27. Kf1 a5
28. Rae1 b5 29. Rxc3 a4 30. Rce3 axb3 31. axb3 Bxe5 32. Rxe5 Bxb3 33. h4 Bc4+
34. Kg1 Rd5 35. Re8+ Kf7 36. h5 Rd7 37. Rb8 Be6 38. Rh8 Kg7 39. Rxe6 Kxh8 40.
Rxh6+ Rh7 41. Rxc6 Rxh5 42. Rc5 Kg7 43. g4 Rh4 44. Rxg5+ Kh6 45. f4 b4 46. Kg2
b3 47. Kg3 Rh1 48. Kf3 Rf1+ 49. Ke4 Rb1 50. Rb5 Kg7 51. Kf5 b2 52. Kg5 Kf7 53.
Rb7+ Kf8 54. f5 Ke8 55. f6 Kd8 56. f7 Rf1 1-0

[Event "XI Festival A"]
[Site "Robecchetto con Induno ITA"]
[Date "1998.01.04"]
[Round "6"]
[White "Piantoni, Roberto"]
[Black "Lapiccirella, Mattia"]
[Result "1-0"]
[WhiteElo "2180"]
[BlackElo "2095"]
[PlyCount "57"]
[EventDate "1998.01.02"]

1. d4 Nf6 2. Nf3 g6 3. c4 Bg7 4. Nc3 O-O 5. e3 d6 6. Be2 c5 7. O-O e6 8. Qb3
Nc6 9. Qd1 Nb8 10. b3 Nc6 11. Bb2 b6 12. Rc1 Bb7 13. Qc2 a6 14. Rfd1 Qc7 15.
Qb1 Ne7 16. a3 Rac8 17. Qa1 Nd7 18. b4 Bh6 19. dxc5 dxc5 20. b5 a5 21. Na4 Rcd8
22. Ne5 Nf5 23. Nxd7 Rxd7 24. Rxd7 Qxd7 25. Rd1 Qe7 26. Bf6 Qc7 27. Be5 Qe7 28.
Nxb6 Bxe3 29. Nd7 1-0

[Event "XI Festival A"]
[Site "Robecchetto con Induno ITA"]
[Date "1998.01.04"]
[Round "6"]
[White "Sgnaolin, Davide"]
[Black "Dorighet, Claudio"]
[Result "1-0"]
[WhiteElo "2100"]
[BlackElo "2110"]
[PlyCount "101"]
[EventDate "1998.01.02"]

1. e4 c5 2. Nf3 d6 3. d4 cxd4 4. Nxd4 Nf6 5. Nc3 g6 6. g3 Nc6 7. Nde2 Bd7 8.
Bg2 Qc8 9. Nf4 Bg7 10. O-O h5 11. h4 Bg4 12. f3 Bd7 13. Ncd5 Nxd5 14. Nxd5 O-O
15. Bg5 Re8 16. c3 Be6 17. Kh2 Kh7 18. Rc1 Qd7 19. Rf2 Qd8 20. Bh3 Bxh3 21.
Kxh3 Ne5 22. Be3 Qd7+ 23. Kg2 Rec8 24. Bd4 b5 25. Bxe5 Bxe5 26. f4 Bh8 27. f5
e6 28. fxg6+ fxg6 29. Qf1 Kg8 30. Nf4 Qe8 31. Qd3 Be5 32. Rcf1 Kg7 33. Nh3 Rc7
34. Ng5 Rac8 35. Qe3 b4 36. Nf7 Rxf7 37. Rxf7+ Qxf7 38. Rxf7+ Kxf7 39. Qxa7+
Kf6 40. Qf2+ Ke7 41. cxb4 Rc4 42. a3 Rxe4 43. b5 Rg4 44. Qa7+ Kd8 45. b6 Rxg3+
46. Kf2 Rb3 47. Qc7+ Ke8 48. b7 Bd4+ 49. Ke1 Ba7 50. Qg7 e5 51. Qg8+ 1-0

[Event "XI Festival A"]
[Site "Robecchetto con Induno ITA"]
[Date "1998.01.05"]
[Round "7"]
[White "Aglietti, Graziano"]
[Black "Sabatini, Carlo"]
[Result "0-1"]
[WhiteElo "2060"]
[BlackElo "1884"]
[PlyCount "98"]
[EventDate "1998.01.02"]

1. e4 e5 2. f4 exf4 3. Nf3 Nf6 4. e5 Nh5 5. d4 d6 6. Bc4 d5 7. Bd3 Be7 8. O-O
O-O 9. Nc3 c5 10. Ng5 Bxg5 11. Qxh5 g6 12. Qf3 Nc6 13. Qxd5 cxd4 14. Qxd8 Bxd8
15. Nd5 Nxe5 16. Be4 g5 17. g3 f5 18. Bg2 f3 19. Bxf3 Nxf3+ 20. Rxf3 Be6 21. c4
dxc3 22. Nxc3 Bb6+ 23. Be3 g4 24. Bxb6 gxf3 25. Bc7 Rfe8 26. Kf2 Rec8 27. Bf4
Bd7 28. Kxf3 Bc6+ 29. Kf2 Rd8 30. Rd1 Rxd1 31. Nxd1 Rd8 32. Nc3 Kf7 33. Be3 a6
34. Ke2 b5 35. a3 Ke6 36. h4 Bd5 37. Bd4 Bc4+ 38. Ke3 Rg8 39. Kf2 Rg4 40. Be3
Ke5 41. Bb6 Rg7 42. Be3 Rd7 43. Ke1 a5 44. Bc5 Rd3 45. Bb6 b4 46. axb4 axb4 47.
Ne2 Ke4 48. Bc5 Rb3 49. Nc1 Rxb2 0-1

[Event "IV Festival A"]
[Site "Verona ITA"]
[Date "1998.01.??"]
[Round "1"]
[White "Bertani, Gianfranco"]
[Black "Wohl, Aleksandar H."]
[Result "0-1"]
[WhiteElo "2185"]
[BlackElo "2440"]
[PlyCount "66"]
[EventDate "1998.01.02"]

1. Nf3 Nf6 2. d3 g6 3. e4 Bg7 4. c3 O-O 5. Be2 c5 6. Nbd2 Nc6 7. O-O Rb8 8. e5
Nd5 9. Ne4 Nxe5 10. Nxc5 Qc7 11. d4 Ng4 12. Nd3 b5 13. a4 a6 14. axb5 axb5 15.
h3 Ngf6 16. Nc5 Rb6 17. Bd2 Nf4 18. c4 Nxe2+ 19. Qxe2 d6 20. Ba5 dxc5 21. dxc5
Qxc5 22. b4 Qc6 23. Bxb6 Qxb6 24. c5 Qb7 25. Ra5 Nd5 26. Ne5 Nf4 27. Qf3 Bxe5
28. c6 Qb6 29. Ra8 Be6 30. Rxf8+ Kxf8 31. Qe4 Qd4 32. Qxd4 Bxd4 33. c7 Bb6 0-1

[Event "IV Festival A"]
[Site "Verona ITA"]
[Date "1998.01.??"]
[Round "1"]
[White "Bressanelli, Roberto"]
[Black "Rossi, Carlo"]
[Result "0-1"]
[WhiteElo "2125"]
[BlackElo "2330"]
[PlyCount "54"]
[EventDate "1998.01.02"]

1. e4 Nf6 2. e5 Ng8 3. d4 d5 4. Bd3 c5 5. c3 Nc6 6. Nf3 Bg4 7. Be2 e6 8. O-O
Bxf3 9. Bxf3 cxd4 10. cxd4 Qb6 11. Nc3 Qxd4 12. Qb3 Qb4 13. Nb5 Rc8 14. Qxb4
Bxb4 15. a3 Be7 16. Re1 Kd7 17. Bf4 g5 18. Bd2 h5 19. g4 hxg4 20. Bxg4 Rh4 21.
Bf3 a6 22. Nc3 Nh6 23. Rad1 Ng4 24. Bxd5 exd5 25. Nxd5 Rg8 26. Bc3 Ke6 27. Nf6
Rd8 0-1

[Event "IV Festival A"]
[Site "Verona ITA"]
[Date "1998.01.??"]
[Round "1"]
[White "Caruso, Augusto"]
[Black "Pipitone, Antonio"]
[Result "1-0"]
[WhiteElo "2275"]
[BlackElo "2050"]
[PlyCount "45"]
[EventDate "1998.01.02"]

1. e4 c5 2. Nf3 d6 3. Nc3 Nc6 4. d4 cxd4 5. Nxd4 Nf6 6. f3 e5 7. Nb3 Be6 8. Bg5
a6 9. Qd2 h6 10. Be3 d5 11. exd5 Nxd5 12. Nxd5 Qxd5 13. Qf2 e4 14. fxe4 Qxe4
15. Bd3 Bb4+ 16. Nd2 Bxd2+ 17. Qxd2 Qh4+ 18. Bf2 Qh5 19. O-O O-O 20. Rae1 Rad8
21. Qf4 Rd7 22. Rxe6 fxe6 23. Qxf8+ 1-0